000 00929nmm a2200277 a 4500
001 ocm0002348198
003 TR-IsHL
005 20201028184727.0
008 190516s2019 tu eng
007 cr cn
020 _a9786057566188
035 _a2348198
_b(N$T)
050 0 4 _aPS2429.M5
_bN5 2019
090 0 4 _aPS2429.M5
_bN5 2019
100 1 _aMoore, Clement C.
245 1 0 _aThe night before Christmas
_h[electronic resource] /
_cClement C. Moore ; Illustrated by Arthur Rackham
260 _aİstanbul :
_be-Kitap Projesi & Cheapest Books,
_c2019
300 _a33 p.
650 4 _aDil ve Edebiyat
650 4 _aLanguage and Literature
650 0 _aNoel hikayeleri
650 0 _aChristmas stories
650 7 _aLITERARY COLLECTIONS / American / General
_2bisacsh
700 1 _aRackham, Arthur
856 4 0 _uhttp://search.ebscohost.com/login.aspx?direct=true&scope=site&db=e011xww&AN=2348198
999 _c21134
_d21134